| 000 | 01362nam a2200337 c 4500 | ||
|---|---|---|---|
| 003 | BLK | ||
| 005 | 20180420220251.0 | ||
| 008 | 180407b bul|||||r ||||||| ||bul|| | ||
| 010 | _aKNG00031611000 | ||
| 020 |
_a954-9574-03-2 _bиздат.: Тракия-М |
||
| 040 | _aBLK | ||
| 041 |
_aBUL _cBUL |
||
| 080 |
_aСоциална география. Икономическа география. География на туризма _b338:91 _x(497.2)(075.8) _z338:91(497.2)(075.8) |
||
| 100 | 1 |
_aГенешки, Митко Стоев _eпърви автор _9254656 |
|
| 139 |
_aГенешки, Митко Стоев _bГ 29 |
||
| 245 | 1 | 0 |
_aГеоикономика _bПрироден комплекс и обл. стопанства на България _cМитко Стоев Генешки. |
| 257 | _aBGR | ||
| 260 |
_аСофия _bТракия-М _c1997 _fВраца : Полипринт |
||
| 300 |
_a118 с. _bс табл. _c21 см |
||
| 380 | _a3 | ||
| 500 | _aБиблиогр. след отд. части. | ||
| 650 | 4 |
_aБългария - стопанска география _9250775 |
|
| 653 | _aгеоикономика | ||
| 653 | _aБългария | ||
| 653 | _aучебници за ВУЗ | ||
| 852 | _aЦб 196440 | ||
| 856 | 4 |
_qpdf _u |
|
| 856 | 4 |
_qpdf _u |
|
| 942 |
_cKNG _n0 |
||
| 944 |
_aCR _c15.01.2003 _kКети_Илиева |
||
| 944 |
_aED _c24.01.2013 _k |
||
| 999 |
_c29003 _d29003 |
||